00545nam a2200145 a 4500008004100000050001500041100002300056245005200079250001200131260000900143350000900152995009000161999001700251952013100268120416s1981 xx |||||||||||||| || u aTS 205 Fei aFeirer, John Louis10aTeacher's resources to accompany general metals a5th ed. c1981 a0.00 D0.00FCBU-MAIN LIBRARY (Kitwe)H1I3.96UDAMAGEDZMain Library Open Access Collection c59466d59466 00102lcc4070a001b001cMain Library Open Access Collectiond2022-11-30l0oTS 205 Feip017656r2022-11-30w2022-11-30y002